000 00648nam a2200181Ia 4500
008 090630s9999 xx 000 0 und d
082 _b3250
100 _aपडोळे ल. वा.
245 _aमराठी ग्रंथालयाचा इतिहास.
_cपडोळे ल. वा.
260 _b---
_c1951
300 _a275
600 _aपडोळे ल. वा.
630 _aमराठी ग्रंथालयाचा इतिहास.
655 _aइतर.
700 _aपडोळे ल. वा.
730 _aमराठी ग्रंथालयाचा इतिहास.
942 _cBOOK
999 _c255106
_d255106